00234 a2200085 450000500170000002000180001710000150003524500720005026000260012220251015145203.0 a9789389354768 aKiran D.R. aTextbook Of Engineering Economics: The Principles And Applications  bBS Publicationsc2021